000 01387nam a22003857a 4500
001 000028932
003 CHAP
005 20220329134916.0
008 971013s1981 r 00010 d
010 _a27880
011 _a28852
035 _a32963
040 _cCHAP
082 0 4 _a633.15
_bM2
100 0 0 _aMcClintock, Barbara.
_973390
245 1 0 _aChromosome constitution or races of maize :
_b: its significance in the interpretation of relationships between races and varieties in the Americas.
260 _aChapingo, Méx. :
_bColegio de Postgraduados,
_c1981.
300 _a517 p. :
_b: ilus.
590 _aBATCH-UPD
_b10
_c20130110
_lUCH01
_h1719
590 _aBATCH-UPD
_b10
_c20130410
_lUCH01
_h1103
590 _aBATCH-UPD
_b10
_c20130914
_lUCH01
_h1707
590 _aCONVERSION
_b10
_c20130109
_lUCH01
_h1316
590 _aE5995AHE
_b05
_c20150325
_lUCH01
_h1106
650 1 4 _aMaíz
_xAmérica.
_970856
650 1 4 _aMaíz
_xGenética.
_970963
650 1 4 _aMaíz
_xVariedades.
_971081
700 0 _aBlumeschein, Almiro.
_913237
700 0 _aKato Yamakake, Takeo Angel.
_962793
901 _aBK
942 _cLIBRO
942 _n0
949 _a633.15 M2
_bBC
_cLIBRO
_d-76713
_eLIBRO
_h57970
_i32963
_si
949 _a633.15 M2
_bBC
_cLIBRO
_d33724000207320
_eLIBRO
_fc.2
_h67969
_i32963
_si
949 _a633.15 M2
_bBC
_cLIBRO
_d33724000596201
_eLIBRO
_fc.3
_h93367
_i32963
_kDonaciØng
_sb
999 _c27880
_d27880